| 000 | 00000nam##2200000za#4500 |
| 001 | 9.612562 |
| 003 | CaOODSP |
| 005 | 20220111083423 |
| 007 | ta |
| 008 | 150406|1995||||xxc||||| f|0| 0 eng|d |
| 020 | |a0-662-23790-0 |
| 022 | |a1713-0638 |
| 040 | |aCaOODSP|beng |
| 043 | |an-cn--- |
| 086 | 1 |aNE22-1/1995-10E |
| 110 | 1 |aCanada. |bNational Energy Board. |
| 245 | 10|aFoothills Pipe Lines Ltd. : |bapplication dated 30 September 1994 on the feasibility and financial impact of drawing down, all or a portion of, its deferred income tax balance, and an examination of the cost efficiencies of Foothills' operating arrangements for Zones 6, 7, 8 and 9 |
| 260 | |aCalgary - Alberta : |bNational Energy Board |cOctober, 1995. |
| 300 | |av, 12p. : |btable ; |c28 cm. |
| 490 | 1 |aReasons for decision|x1713-0638 |
| 563 | |aSoftcover |
| 590 | |a95-45|b1995-11-10 |
| 776 | 0#|tReasons for decision in the matter of Foothills Pipe Lines Ltd. : |w(CaOODSP)9.572465 |
| 830 | #0|aReasons for decision (Canada. National Energy Board)|x1713-0638|w(CaOODSP)9.514808 |
| 986 | |aRH-1-95 |